Belice: entre Centroamérica y el Caribe /

שמור ב:
מידע ביבליוגרפי
מחבר ראשי: Aguilera Peralta, Gabriel
פורמט: Texto
נושאים:
תגים: הוספת תג
אין תגיות, היה/י הראשונ/ה לתייג את הרשומה!

MARC

LEADER 00000 a a2200000 04500
001 10452
003
040
100 |a Aguilera Peralta, Gabriel  
245 |a Belice: entre Centroamérica y el Caribe /  |c Gabriel Aguilera Peralta 
650 |a DEMOCRACIA  
650 |a INTEGRACION REGIONAL  
650 |a POLITICA EXTERIOR  
650 |a POLITICA GUBERNAMENTAL  
650 |a COMERCIO INTERNACIONAL  
650 |a POLITICA  
773 |g número 115; páginas 6-10  
999 |c 25763  |d 25763